000 00310nam a2200133 i 4500
001 bg
100 1 _aKLEER, Jerzy
245 0 _aStrategia gospodarcza krajów RWPG /
_cJerzy Kler.
260 _aWarszawa,
_c1975.
040 _cBPK
041 _apol
942 _cKS
008 s pl f |000 0 pol
999 _c26877
_d26877
856 _uhttp://koha.tu.koszalin.pl/cgi-bin/koha/opac-detail.pl?biblionumber=26877
_yKatalog online BPK